Estatísticas para Países mais Visitados por Presidentes do Brasil

Clique aqui para jogar o quiz

Estatísticas Gerais

  • Esse quiz foi jogado 561 vezes
    (69 desde o último reset)
  • A pontuação média é 29 de 36

Estatísticas das Respostas

Nº de visitasPaís% Correto
58Argentina
100%
18Colômbia
100%
53Estados Unidos
100%
16França
100%
26Chile
98%
17Espanha
98%
19Peru
98%
23Bolívia
97%
9China
97%
8Japão
97%
10Rússia
97%
28Venezuela
97%
17Itália
95%
18México
95%
23Portugal
95%
35Uruguai
95%
31Paraguai
94%
12Alemanha
92%
10Equador
90%
15Reino Unido
87%
5Guiana
86%
11África do Sul
83%
7Índia
81%
8Cuba
78%
12Suíça
78%
4Panamá
73%
7Angola
71%
7Bélgica
71%
4Suécia
63%
6Moçambique
59%
4Haiti
57%
7Vaticano
51%
6Catar
43%
5Emirados Árabes Unidos
41%
6Cabo Verde
40%
4El Salvador
25%

Distribuição das Pontuações

Percentil de Números Respondidos

Porcentagem de Pessoas com Cada Pontuação

Sua Pontuação Histórica

Você não jogou esse quiz desde o último reset